000 00594cam a22002053a 4500
001 42147
003 PGUSA
005 20140828083942.0
008 130221s2013||||xxu|||||s|||||000 | eng d
040 _aPGUSA
_beng
042 _adc
100 1 _aWhiting, Lilian,
_d1847-1942
245 1 0 _aLouise Chandler Moulton :
_bPoet and Friend
_h[electronic resource] /
_cLilian Whiting
260 _bProject Gutenberg,
_c2013
506 _aPublic domain in the USA.
516 _aElectronic text
830 0 _aProject Gutenberg
_v42147
856 4 0 _uhttp://www.gutenberg.org/ebooks/42147
942 _cEB
999 _c271399
_d271399